000 00800nam a2200253 a 4500
008
020 _a0138263140 (pbk.)
049 _aMAIN
090 _aTK1087
100 1 _aRoberts, Simon.
245 1 0 _aSolar electricity :
_ba practical guide to designing and installing small photovoltaic systems /
_cSimon Roberts.
260 _aNew York, NY :
_bPrentice Hall,
_c1991.
300 _axiv,434 p. :
_bill. ;
_c24 cm.
504 _aIncludes bibliographical references.
500 _aIncludes index.
650 0 _aPhotovoltaic power generation.
650 0 _aPhotovoltaic power systems.
650 _aSolar energy
907 _a.b10063249
_b30-03-04
_c17-04-03
003
005 20230123133639.0
040 _cNUST
942 _cBOOKS
_kTK1087
999 _c152195
_d152195